Императрица: роман; пер. с фр.

Opis bibliograficzny
1. autor: Шан Са
Kolejni autorzy: Малькова М. Мария (переводчик)
Język:rosyjski
Wydane: Москва, Олма-Пресс, 2006
Hasła przedmiotowe:
Format: Książka
KOHA link:https://koha.lib.tpu.ru/cgi-bin/koha/opac-detail.pl?biblionumber=110742

MARC

LEADER 00000nam0a2200000 4500
001 110742
005 20231031120550.0
010 |a 5224054753 
035 |a (RuTPU)RU\TPU\book\119600 
090 |a 110742 
100 |a 20070301d2006 m y0rusy50 ca 
101 1 |a rus  |c fre 
102 |a RU 
105 |a a z 000ay 
200 1 |a Императрица  |e роман  |e пер. с фр.  |f Шан Са  |g пер. М. Мальковой 
210 |a Москва  |c Олма-Пресс  |d 2006 
215 |a 447 с.  |c ил. 
610 1 |a французская литература 
610 1 |a романы 
610 1 |a исторические романы 
610 1 |a любовь 
675 |a 84  |v 3 
700 1 |a Шан Са 
702 1 |a Малькова  |b М.  |g Мария  |4 730 
801 1 |a RU  |b 63413507  |c 20070301  |g PSBO 
801 2 |a RU  |b 63413507  |c 20070921  |g PSBO 
942 |c BK 
959 |a 25/20070301  |d 1  |e 242,11  |f ХФ:1